Central Library OPAC University of Rajshahi

Major foreign powers / (Record no. 3706)

MARC details
000 -LEADER
fixed length control field 00872cam a22002771 4500
001 - CONTROL NUMBER
control field 3706
003 - CONTROL NUMBER IDENTIFIER
rucl marc code BD-RjUL
005 - DATE AND TIME OF LATEST TRANSACTION
control field 20211208233755.0
008 - FIXED-LENGTH DATA ELEMENTS--GENERAL INFORMATION
fixed length control field 160728s1967 nyua b 001 0 eng
035 ## - SYSTEM CONTROL NUMBER
System control number (BD-RjUL)3740
System control number (OCoLC)326084
040 ## - CATALOGING SOURCE
Original cataloging agency DLC
Transcribing agency GACCLC
Modifying agency OCoLC
-- DLC
-- BD-RjUL
Language of cataloging eng
041 ## - LANGUAGE CODE
Language code of text/sound track or separate title eng
082 ## - DEWEY DECIMAL CLASSIFICATION NUMBER
Classification number 320.3
Author mark and year CAM 1967
100 1# - MAIN ENTRY--PERSONAL NAME
Personal name Carter, Gwendolen Margaret,
Dates associated with a name 1906-1991.
9 (RLIN) 11764
245 10 - TITLE STATEMENT
Title Major foreign powers /
Statement of responsibility, etc. [by] Gwendolen M. Carter [and] John H. Herz.
250 ## - EDITION STATEMENT
Edition statement 5th ed.
260 ## - PUBLICATION, DISTRIBUTION, ETC. (IMPRINT)
Place of publication, distribution, etc. New York :
Name of publisher, distributor, etc. Harcourt,
Date of publication, distribution, etc. c1967
300 ## - PHYSICAL DESCRIPTION
Pagination xii, 701 p. :
Illustrations ill. ;
Size 24 cm.
504 ## - BIBLIOGRAPHY, ETC. NOTE
Bibliography, etc "Bibliography, prepared by Louise W. Holborn": p. 637-680.
Bibliography, etc Includes Index.
650 #0 - SUBJECT ADDED ENTRY--TOPICAL TERM
Topical term or geographic name as entry element Comparative government.
9 (RLIN) 4478
700 1# - ADDED ENTRY--PERSONAL NAME
Personal name Herz, John H.,
Dates associated with a name 1908-2005,
Relator term joint author.
942 ## - ADDED ENTRY ELEMENTS (KOHA)
Source of classification or shelving scheme Dewey Decimal Classification
Koha item type Books
Holdings
Lost status Source of classification or shelving scheme Damaged status Not for loan Collection code Permanent Location Current Location Shelving location Date acquired Source of acquisition Total Checkouts Full call number Date last seen Copy number Koha item type
  Dewey Decimal Classification     Non-fiction Central Library, University of Rajshahi Central Library, University of Rajshahi   20/01/1975 M. Obidul Huq   320.3 CAM 1967 19/12/2013 C-3 Books